NBA Triples-doubles records en saison régulière - Statistiques

Statistiques générales
  • Ce quiz a été pris 27 fois
  • Le résultat moyen est 7 sur 20
Statistiques - réponses
Joueurs Triples-doubles % Correct
5 LeBron James 125
96%
2 Nikola Jokić 198
96%
1 Russel Westbrook 209
96%
7 Luka Dončić 90
76%
8 James Harden 82
72%
3 Oscar Robertson 181
52%
4 Magic Johnson 138
44%
11 Larry BIrd 59
40%
9 Wilt Chamberlain 78
40%
12 Giánnis Antetokounmpo 56
28%
6 Jason Kidd 107
28%
10 Domantas Sabonis 68
20%
14 Draymond Green 33
20%
18 Josh Giddey 31
8%
14 Ben SImmons 33
4%
14 Bob Cousy 33
4%
17 Rajon Rondo 32
4%
13 Fat Lever 43
0%
20 Grant Hill 29
0%
18 John Havlicek 31
0%
Aucun quiz correspondant
Distribution des résultats
% des personnes avec chaque résultat
Percentile par nombre de réponses
Votre historique - résultats
Vous n’avez pas pris ce quiz